| 000 | 00863nam a2200277 a 4500 | ||
|---|---|---|---|
| 001 | 000025196 | ||
| 003 | DO-SdBNP | ||
| 005 | 20260321073641.0 | ||
| 007 | ta | ||
| 008 | 110211s2009 dr r 000 0 spa d | ||
| 020 | _z9993488620 | ||
| 040 |
_aDO-SdBNP _bspa _cBNPHU |
||
| 082 | 4 |
_a923.77295 _bH831b, 2009 _222 |
|
| 100 | 1 |
_a Bosch, Juan, _d1909-2001 _976555 |
|
| 245 | 1 | 0 |
_aHostos el sembrador / _cJuan Bosch. |
| 250 | _a11a. ed. | ||
| 260 |
_aSanto Domingo : _bFundación Juan Bosch, _c2009. |
||
| 300 |
_a278 p. ; _c24 cm. |
||
| 490 | 1 |
_aBiografías americanas _v1 |
|
| 590 | _aInventariado, 2020/VM | ||
| 600 | 1 | 0 |
_aHostos, Eugenio María de, _d1839-1903 _91352 |
| 650 | 4 |
_aIntelectuales _zPuerto Rico _91002 _vBiografías |
|
| 830 | 0 |
_aBiografías americanas _91005 _n1 |
|
| 910 | _aVMateo / Validado. Control de calidad. MMOLINA | ||
| 942 |
_2ddc _cLBS1 |
||
| 999 |
_c24689 _d24689 |
||